ბათუმის შოთა რუსთაველის სახელმწიფო უნივერსიტეტის ბიბლიოთეკა

ლექციების კურსი პედაგოგიკაში (ბიბ.ჩანაწერი № 51624)

000 -LEADER
fixed length control field 01113nam a2200277Ia 4500
001 - CONTROL NUMBER
control field 18615
003 - CONTROL NUMBER IDENTIFIER
control field GE_BSU
008 - FIXED-LENGTH DATA ELEMENTS--GENERAL INFORMATION
fixed length control field 181216s||||||||xx |||||||||||||| ||und||
020 ## - INTERNATIONAL STANDARD BOOK NUMBER
International Standard Book Number 9992843578
040 ## - CATALOGING SOURCE
Transcribing agency GE_BSU
080 ## - UNIVERSAL DECIMAL CLASSIFICATION NUMBER
Universal Decimal Classification number 371(075.8)
100 ## - MAIN ENTRY--PERSONAL NAME
Personal name ბასილაძე, ნოდარ
245 ## - TITLE STATEMENT
Title ლექციების კურსი პედაგოგიკაში
245 ## - TITLE STATEMENT
Remainder of title პედაგოგიკის ზოგადი საფუძვლები და აღზრდის თეორია
245 ## - TITLE STATEMENT
Statement of responsibility, etc. რედ. იური ბიბილეიშვილი
260 ## - PUBLICATION, DISTRIBUTION, ETC.
Place of publication, distribution, etc. თბილისი
260 ## - PUBLICATION, DISTRIBUTION, ETC.
Name of publisher, distributor, etc. ალიონი
260 ## - PUBLICATION, DISTRIBUTION, ETC.
Date of publication, distribution, etc. 2006
300 ## - PHYSICAL DESCRIPTION
Extent 355გვ.22სმ.
653 ## - INDEX TERM--UNCONTROLLED
Uncontrolled term ლექციების კურსი პედაგოგიკაში
653 ## - INDEX TERM--UNCONTROLLED
Uncontrolled term პედაგოგიკა
653 ## - INDEX TERM--UNCONTROLLED
Uncontrolled term პედაგოგიკის ზოგადი საფუძვლები და აღზრდის თეორია
653 ## - INDEX TERM--UNCONTROLLED
Uncontrolled term ქსეროქსი
942 ## - ADDED ENTRY ELEMENTS (KOHA)
Koha item type წიგნი
ეგზემპლარები
Withdrawn status Lost status Damaged status Not for loan Date acquired Barcode Date last seen Price effective from Koha item type Public note
        2018-12-17 00356 ქსეროქსი 2018-12-17 2018-12-17 წიგნი ქსეროქსი
        2018-12-17 00357 ქსეროქსი 2018-12-17 2018-12-17 წიგნი ქსეროქსი